Využívání nástrojů mobilního marketingu u cestovních kanceláří v ČR

Súčasný stav využívania mobilného marketingu a jeho nástrojov v cestovných kanceláriách v Česku. Moderné nástroje mobilného marketingu a jeho výhody a nevýhody. SEO a optimalizácie webu pre mobilné zariadenia, proximity marketing, location-based marketing, mobilné aplikácie a in-app reklama, m-comme...

ver descrição completa

Na minha lista:
Detalhes bibliográficos
Autor principal: Hommerová, Dita
Outros Autores: Fiala, Michal
Formato: Capítulo de Livro
Idioma:tcheco
Assuntos:
Tags: Adicionar Tag
Sem tags, seja o primeiro a adicionar uma tag!

MARC

LEADER 00000naa a2200000 4500
001 0268421
005 20200917082926.0
041 0 |a cze 
044 |a CZ 
245 1 0 |a Využívání nástrojů mobilního marketingu u cestovních kanceláří v ČR  |c Dita Hommerová, Michal Fiala 
520 |a Súčasný stav využívania mobilného marketingu a jeho nástrojov v cestovných kanceláriách v Česku. Moderné nástroje mobilného marketingu a jeho výhody a nevýhody. SEO a optimalizácie webu pre mobilné zariadenia, proximity marketing, location-based marketing, mobilné aplikácie a in-app reklama, m-commerce a mobilné sociálne siete. 
610 2 0 |a marketing 
610 2 0 |a reklama 
610 2 0 |a siete sociálne 
610 2 0 |a aplikácie mobilné 
610 2 0 |a nástroje marketingové 
610 2 0 |a kancelárie cestovné 
610 2 0 |a Česko 
100 1 |a Hommerová, Dita 
700 1 |a Fiala, Michal